Compendio de la doctrina cristiana.

Gespeichert in:
Bibliographische Detailangaben
1. Verfasser: Rodrigo de la Cerda, José. Autor, Socio Corresponsal de la Real Academia de Bellas Artes de San Fernando, Canónigo de la Santa Iglesia Catedral de Badajoz y Profesor de las Escuelas Normales de la misma
Format: keine Angabe
Sprache:Spanisch
Erschienen: Badajoz Tip. Uceda Hnos. 1888
Katalog:MANES:  Suchergebnis im Bibliothekskatalog
Schulbuchspezifische Eigenschaften:
Tags: Tag hinzufügen
Keine Tags, Fügen Sie den ersten Tag hinzu!
Hinzugefügt zu:26.04.2016
Geändert in:07.05.2025

MARC

LEADER 000000000a22000000004500
001 11031
003 OSt
005 20250507134322.0
008 160427s sp ||||| |||| 00| 0 spa d
040 |c centro_manes 
041 1 |a spa 
561 |5 es-BUNED  |3 LT 0544  |a España. Fondo Manes UNED  |k MANES 
691 0 |a PRI 
100 |a Rodrigo de la Cerda, José. Autor,   |c Socio Corresponsal de la Real Academia de Bellas Artes de San Fernando, Canónigo de la Santa Iglesia Catedral de Badajoz y Profesor de las Escuelas Normales de la misma  |9 6322 
245 0 0 |a Compendio de la doctrina cristiana. 
260 3 |a Badajoz  |b Tip. Uceda Hnos.  |c 1888 
300 |a 255 p.  |c 15,5 x 10,5 cm 
690 0 |a RyM 
942 |2 ddc  |c BK 
546 |a España 
999 |c 17005  |d 17005 
999 |c manes:17005  |d 17005